| 000 | 00686 a2200229 4500 | ||
|---|---|---|---|
| 010 | _aTML-30210 | ||
| 020 | _c125.00 | ||
| 035 | _aTM-28446 | ||
| 037 | _bD.B.Act / pub / | ||
| 082 | _a894.8113 | ||
| 090 |
_c176 _d176 |
||
| 100 | _aPunnavanarajan, Suba | ||
| 245 |
_aPorali _cSuba. Punnavanarajan |
||
| 246 | _aபோராளி | ||
| 250 | _a1st ed | ||
| 260 |
_aChennai _bSandhya Pathippagam _c2006 |
||
| 270 |
_aFlat A, Neu tech vaibahav,57-53rd st, Ashok Nagar _bChennai _e600083 |
||
| 300 |
_a256p _c22cm |
||
| 650 |
_aTamil Literature _xFiction |
||
| 942 |
_cTM _k894.8113 / PUN |
||
| 999 |
_c174 _d174 |
||